| 000 | 00615nam a2200217Ia 4500 | ||
|---|---|---|---|
| 003 | IN-BaIIA | ||
| 008 | 211028s9999 xx 000 0 eng d | ||
| 020 | _a0-356-03823-8 | ||
| 040 | _cIIA Library | ||
| 080 |
_a521.1 _bAIT |
||
| 100 |
_aAiton, E J _97135 |
||
| 245 | 4 |
_aThe Vortex theory of planetary motions _cE. J. Aiton |
|
| 260 |
_aNew York _bAmerican Elsevier _c1972 |
||
| 300 | _aix, 282p. | ||
| 490 | _aHistory of science library | ||
| 650 | _aAstronomy and astrophysics thesaurus | ||
| 650 | _aCelestial mechanics | ||
| 650 |
_aPlanetary theory _91593 |
||
| 650 |
_aVortex theory _97136 |
||
| 942 | _cBK | ||
| 999 |
_c4043 _d4043 |
||